书目信息 |
| 题名: |
我为演讲狂
|
|
| 作者: | 王瑞泽 编著 | |
| 分册: | 我有一个梦想 | |
| 出版信息: | 青岛 青岛出版社 2010.02 |
|
| 页数: | 352页 | |
| 开本: | 21cm | |
| 丛书名: | ||
| 单 册: | ||
| 中图分类: | H319.4:I | |
| 科图分类: | ||
| 主题词: | 英语--ying yu--汉语--对照读物 , 演讲--yan jiang--世界--汇编 | |
| 电子资源: | ||
| ISBN: | 978-7-5436-6152-3 | |
| 000 | 01027nam0 2200265 450 | |
| 001 | 012010669780 | |
| 005 | 20100605091449.64 | |
| 010 | @a978-7-5436-6152-3@dCNY19.00 | |
| 100 | @a20100604d2010 em y0chiy0120 ea | |
| 101 | 0 | @achi@aeng |
| 102 | @aCN@b370000 | |
| 105 | @ac z 000yy | |
| 106 | @ar | |
| 200 | 1 | @a我为演讲狂@Awo wei yan jiang kuang@d= Crazy for speeches@e中英文对照@i我有一个梦想@f王瑞泽编著@Fbian zhu wang rui ze@zeng |
| 210 | @a青岛@c青岛出版社@d2010.02 | |
| 215 | @a352页@c肖像@d21cm | |
| 330 | @a本套书籍收录了来自不同领域、拥有不同背景与经历的演讲者的演讲名篇。演讲题材涉猎广泛、风格迥异,内容不仅涵盖了政治、经济、社会等方面的前沿问题。还包括与大学生自身发展息息相关的热点话题。 | |
| 510 | 1 | @aCrazy for speeches@zeng |
| 517 | 1 | @a我有一个梦想@Awo you yi ge meng xiang |
| 606 | 0 | @a英语@Aying yu@x汉语@j对照读物 |
| 606 | 0 | @a演讲@Ayan jiang@y世界@j汇编 |
| 690 | @aH319.4:I@v4 | |
| 701 | 0 | @a王瑞泽@Awang rui ze@4编著 |
| 801 | 0 | @aCN@bQSSK@c20100605 |
| 905 | @b782048-50@dH319.4:I@eW329@f3 | |
| 我为演讲狂= Crazy for speeches:中英文对照.我有一个梦想/王瑞泽编著.-青岛:青岛出版社,2010.02 |
| 352页:肖像;21cm |
| ISBN 978-7-5436-6152-3:CNY19.00 |
| 本套书籍收录了来自不同领域、拥有不同背景与经历的演讲者的演讲名篇。演讲题材涉猎广泛、风格迥异,内容不仅涵盖了政治、经济、社会等方面的前沿问题。还包括与大学生自身发展息息相关的热点话题。 |
| ● |
| 相关链接 |
|
|
|
正题名:我为演讲狂
索取号:H319.4:I/W329
 
预约/预借
| 序号 | 登录号 | 条形码 | 馆藏地/架位号 | 状态 | 备注 |
| 1 | 782048 | 207820483 | 语言库209/209语言库 55排1列4层/ [索取号:H319.4:I/W329] | 在馆 | |
| 2 | 782049 | 207820492 | 语言库209/209语言库 55排1列4层/ [索取号:H319.4:I/W329] | 在馆 | |
| 3 | 782050 | 207820508 | 语言库209/209语言库 55排1列4层/ [索取号:H319.4:I/W329] | 在馆 |